Business Mathematics in Canada. (Record no. 3986)

MARC details
005 - DATE AND TIME OF LATEST TRANSACTION
control field 20250613114301.0
020 ## - INTERNATIONAL STANDARD BOOK NUMBER
International Standard Book Number 0075609401
082 ## - DEWEY DECIMAL CLASSIFICATION NUMBER
Classification number 513.01'65 JER
100 ## - MAIN ENTRY--PERSONAL NAME
Author name JEROME, F.E.
245 ## - TITLE STATEMENT
Title Business Mathematics in Canada.
250 ## - EDITION STATEMENT
Edition statement 3rd Ed.
260 ## - PUBLICATION, DISTRIBUTION, ETC.
Place of publication, distribution, etc. New York,
Name of publisher, distributor, etc. Mc Graw Hill,
Date of publication, distribution, etc. 2000
300 ## - PHYSICAL DESCRIPTION
Extent xxi, 696p.ill.,table.
Other physical details Index.
Dimensions 25cm.
942 ## - ADDED ENTRY ELEMENTS (KOHA)
Source of classification or shelving scheme Dewey Decimal Classification
Koha item type Books
Holdings
Date last seen Total checkouts Full call number Barcode Cost, replacement price Price effective from Koha item type Lost status Source of classification or shelving scheme Damaged status Not for loan Withdrawn status Home library Current library Date acquired Cost, normal purchase price
06/13/2025   513.01'65 JER DOM000842 165000.00 06/13/2025 Books   Dewey Decimal Classification       CBE Dodoma CBE Dodoma 05/26/2015 55000.00